Los Angeles Rams Starting Quarterbacks of Super Bowl Era - Statistics

General Stats
  • This quiz has been taken 126 times
    42 since last reset
  • The average score is 18 of 49
Answer Stats
Answer % Correct
Jared Goff
100%
Matthew Stafford
100%
Kurt Warner
77%
Sam Bradford
73%
Baker Mayfield
68%
Jim Everett
68%
Marc Bulger
64%
Case Keenum
59%
Jimmy Garoppolo
59%
Roman Gabriel
59%
Vince Ferragamo
59%
Carson Wentz
55%
John Wolford
55%
Nick Foles
50%
Trent Green
50%
Dieter Brock
45%
Ryan Fitzpatrick
41%
Tony Banks
41%
Austin Davis
32%
Brett Rypien
32%
Bryce Perkins
32%
Chris Chandler
32%
Mark Rypien
32%
Pat Haden
32%
Steve Bartkowski
32%
Steve Dils
32%
AJ Feeley
27%
James Harris
27%
Jeff Kemp
27%
Kellen Clemens
27%
Bert Jones
23%
Dan Pastorini
23%
Joe Namath
23%
John Hadl
23%
Kyle Boller
23%
Ron Jaworski
23%
Shaun Hill
23%
Chris Miller
18%
Gus Frerotte
18%
Pete Beathard
18%
Steve Bono
18%
Brock Berlin
14%
Jamie Martin
14%
Sean Mannion
14%
Scott Covington
9%
TJ Rubley
9%
Jeff Rutledge
5%
Keith Null
5%
Steve Walsh
5%
No matching quizzes found
Score Distribution
Percent of People with Each Score
Percentile by Number Answered
Your Score History
You have not taken this quiz since the last reset